| 000 | 01749cam a22004814i 4500 | ||
|---|---|---|---|
| 003 | PE-LiUPU | ||
| 005 | 20250731173346.0 | ||
| 008 | 150706s r 000 0 d | ||
| 020 | _a9789657464144 | ||
| 035 | _a(Sirsi) i9789657464144 | ||
| 040 |
_aPE-LiUPU _bspa _cPE-LiUPU _erda |
||
| 049 | _aPRUA | ||
| 082 | 0 | 4 |
_a286.7320296 _bC _221 |
| 245 | 0 | 1 |
_aComfort,Comfort My People : _bTowards a Growing Adventist-Jewish Friendship / _ceditado por Richard Elofer. |
| 264 | 1 |
_aBerrien Springs, Mich. : _bDept. of World Mission, Andrews Universtiy, _c2009. |
|
| 300 |
_a207 páginas ; _c23 cm. |
||
| 336 |
_atext _2rdacontent |
||
| 337 |
_aunmediated _2rdamedia |
||
| 338 |
_avolume _2rdacarrier |
||
| 504 | _aIncludes bibliographical references. | ||
| 505 | 0 | _aTxperiencing Jewish Thinking -- II. Experiencing Jewish Life -- III. Experiencing Jewish Suffering. | |
| 526 | _aSEG42 | ||
| 526 | _aSEG41 | ||
| 526 | _aSEG40 | ||
| 526 | _aSEG39 | ||
| 526 | _aP94 | ||
| 526 | _aP87 | ||
| 526 | _aP86 | ||
| 526 | _aP85 | ||
| 526 | _aP77 | ||
| 526 | _aP76 | ||
| 526 | _aP35 | ||
| 650 | 0 | 4 | _aAdventistas del séptimo día y judaísmo. |
| 650 | 0 | 4 | _aCristianismo y judaísmo. |
| 700 | 1 |
_aElofer, Richard, _eed. |
|
| 910 |
_agl _bjv _cng _d20091215 |
||
| 942 |
_2ddc _cBOOK |
||
| 949 |
_a286.7320296 C _wDEWEY _c1 _i60825 _lCCODEBUL1 _mBUL _p12.00 _r0 _sY _tBOOK _u2015-7-6 _xBIBLIOTECA _zUNKNOWN _o.STAFF. Colección General |
||
| 994 |
_aC0 _bPEPRU |
||
| 596 | _a1 | ||
| 999 |
_a286.7320296 C _wDEWEY _c50197 _i60825 _f2021-11-11 _g6 _lCCODEBUL1 _mBUL _p12.00 _r0 _sY _tBOOK _u2015-7-6 _xTEOLOGIA _zUNKNOWN _o.STAFF. Colección General _d50197 |
||
| 980 |
_81 _gALBERTO SANCHEZ Responsable de Automatización |
||